000 00645nam a2200181Ia 4500
005 20260429112244.0
008 260429s9999||||xx |||||||||||||| ||und||
020 _a9789389140804
041 _aHindi
082 _a891.43
_bSIN
100 _aसिंह, सूर्यनाथ
245 0 _aसमय कोरी दीवार :
_bउपेंद्र कुमार की कविता-यात्रा /
_cसूर्यनाथ सिंह
250 _a1st ed.
260 _aदिल्ली :
_bप्रकाशन संस्थान,
_c2023.
300 _aviii, 208 p.; Hb
650 _aPoetry
942 _cTB
999 _c53148
_d53148